000 00620nam a2200253Ia 4500
005 20260121161047.0
008 008 260114s9999 xx 000 0 eng d
020 _a9781315233864
037 _aEBOOK
040 _aCRL
040 _beng
040 _cCRL
041 _2eng
041 _aeng
084 _qCRL
100 _a James Daybell
_91039711
245 0 _aWomen and Politics in Early Modern England, 1450?1700
260 _bTaylor and Francis
260 _c2004
856 _uhttp://www.taylorfrancis.com/books/9781315233864
942 _cEBOOK
999 _c1606527
_d1606527